| 000 | 00862cam a2200313 4500 | ||
|---|---|---|---|
| 008 | 090401t1997 xxu||||| |||| 00| 0 eng d | ||
| 020 | _a0415117097 | ||
| 035 | _a(Sirsi) u69843 | ||
| 041 | _aeng | ||
| 050 | _a333.332 | ||
| 100 | _aBaum, Andrew | ||
| 245 | 4 | _aThe income approach to property valuation. | |
| 250 | _a4th ed. | ||
| 260 |
_aLondon _bInternational Thomson Business Press _c1997 |
||
| 300 | _axiv., 208p. ; 23cm. | ||
| 350 | _a16.99 | ||
| 520 | _aSuperceded by fifth edition (ISBN: 0728204649). | ||
| 650 | _aCAPITALISATION | ||
| 650 | _aDISCOUNTED CASH FLOW | ||
| 650 | _aINVESTMENT ANALYSIS | ||
| 650 | _aPROPERTY VALUATION | ||
| 650 | _aVALUATION METHODS | ||
| 650 |
_aValuation _96273 |
||
| 690 | _aRATING AND VALUATION | ||
| 700 | _aMackmin, David | ||
| 700 | _aNunnington, Nick | ||
| 942 | _n0 | ||
| 948 | _c04/03/1997 | ||
| 999 |
_c95240 _d95240 |
||